| 000 | 00411nam a22001457a 4500 | ||
|---|---|---|---|
| 003 | OSt | ||
| 005 | 20160727222341.0 | ||
| 008 | 160620b xxu||||| |||| 00| 0 eng d | ||
| 040 | _cTEST | ||
| 100 |
_999 _aCole, J |
||
| 245 |
_aThe Magic School Bus at the water Works _bThe Magic School Bus at the water Works |
||
| 260 |
_aN.Y _bScholastic _c1986 |
||
| 300 | _aThe Magic School Bus at the water Works | ||
| 942 |
_2ddc _cBK |
||
| 999 |
_c79 _d79 |
||